The amateur naturalist's handbook (Registro nro. 567)

Detalles MARC
000 -CABECERA
Campo de control 00729cam a22002171 4500
005 - FECHA Y HORA DE LA ULTIMA TRANSACCION
Campo de control 20161129145036.0
008 - ELEMENTOS DE LONGITUD FIJA—INFORMACION GENERAL
Campo de control 740219s1980 mauab b 000 0 eng
040 ## - FUENTE DE CATALOGACIÓN
Agencia catalogadora original DLC
Agencia transcriptora OClW
Agencia Modificadora OCoLC
-- DLC
-- CO-BoIAVH
041 0# - IDIOMA
Código de idioma para texto/pista de sonido o título separado Inglés
044 ## - PAÍS DE PUBLICACIÓN
País de publicación Estados Unidos
082 04 - NUMERO DE CLASIFICACION DECIMAL DEWEY
Número de clasificación 577
Número del ítem B87a
100 1# - ASIENTO PRINCIPAL--NOMBRE PERSONAL
Nombre personal Brown, Vinson
Fechas asociadas con el nombre 1912-1991.
Término relacionado autor
9 (RLIN) 77634
245 14 - MENCION DE TITULO
Título The amateur naturalist's handbook
Mención de responsabilidad Vinson Brown
260 ## - PUBLICACION, DISTRIBUCION, ETC. (PIE DE IMPRENTA)
Lugar de publicación, distribución, etc. Boston,
Nombre del editor, distribuidor, etc. Little, Brown,
Fecha de publicación, distribución, etc. 1980.
300 ## - DESCRIPCION FISICA
Extensión xiv, 419 páginas
Otros detalles físicos ilustraciones y mapas ;
Dimensiones 18 x 14 cm.
504 ## - NOTA DE BIBLIOGRAFIA, ETC.
Nota de bibliografía Incluye referencias bibliográficas..
650 16 - ASIENTO SECUNDARIO DE MATERIA - TERMINO TEMATICO
Término temático o nombre geográfico como elemento de entrada Investigación
Subdivisión general ciencias naturales
9 (RLIN) 77635
650 26 - ASIENTO SECUNDARIO DE MATERIA - TERMINO TEMATICO
Término temático o nombre geográfico como elemento de entrada Investigación
Subdivisión general Ecología
9 (RLIN) 77636
650 26 - ASIENTO SECUNDARIO DE MATERIA - TERMINO TEMATICO
Término temático o nombre geográfico como elemento de entrada Investigación
Subdivisión general Biodiversidad
9 (RLIN) 77637
942 ## - ELEMENTOS ADICIONALES (KOHA)
Sistema de clasificación Dewey Decimal Classification
Tipo de ítem Libro
Existencias
Withdrawn status Lost status Sistema de Clasificación Damaged status No para préstamo Colección Inventariado Ubicación Permanente Ubicación actual Fecha de adquisición Fuente de Valor Total Checkouts Número topográfico Inventario / Código de Barras Date last seen Ejemplar Price effective from Forma de adquisición Tipo de material
    Dewey Decimal Classification     General Inventariado 2017 Sala Fabio Quevedo Sala Fabio Quevedo 01/09/1998 Amazon   LB-577 B87a 000799 04/12/2012 Ej. 1 04/12/2012 Donación Libro